Banda Bahadur : (Record no. 21170)

MARC details
000 -LEADER
fixed length control field 01019nam a2200265 a 4500
005 - DATE AND TIME OF LATEST TRANSACTION
control field 20070509090109.0
008 - FIXED-LENGTH DATA ELEMENTS--GENERAL INFORMATION
fixed length control field 061219s2006 ii b 001 0beng
010 ## - LCCN (DPL NO)
LC control number ENG-92585
020 ## - INTERNATIONAL STANDARD BOOK NUMBER
International Standard Book Number 8190111027
Terms of availability 250.00
035 ## - SYSTEM CONTROL NUMBER
System control number EN-76118
037 ## - SOURCE OF ACQUISITION
Source of stock number/acquisition DBAD / Author
040 ## - CATALOGING SOURCE
Original cataloging agency dpl
Language of cataloging English
082 ## - DEWEY DECIMAL CLASSIFICATION NUMBER
Classification number 954.022
100 ## - MAIN ENTRY--PERSONAL NAME
Personal name Chandla, M. S.
245 ## - TITLE STATEMENT
Title Banda Bahadur :
Remainder of title betrayed by his lieutenants /
Statement of responsibility, etc by M.S. Chandla
260 ## - PUBLICATION, DISTRIBUTION, ETC. (IMPRINT)
Place of publication, distribution, etc Chandigarh :
Name of publisher, distributor, etc Aurva Publications
Date of publication, distribution, etc 2006
270 ## - ADDRESS
Address 1430, Sector-12,
City Chandigarh
300 ## - PHYSICAL DESCRIPTION
Extent xv, 238 p.
Dimensions 23 cm (Hb)
500 ## - GENERAL NOTE
General note Includes index.
600 ## - SUBJECT ADDED ENTRY--PERSONAL NAME
Personal name Bandā Siṅgha,
Titles and other words associated with a name Bahādara,
Dates associated with a name 1670-1716?
650 ## - SUBJECT ADDED ENTRY--TOPICAL TERM
Topical term or geographic name as entry element Sikhs
General subdivision Kings and rulers
Form subdivision Biography.
942 ## - ADDED ENTRY ELEMENTS (KOHA)
Source of classification or shelving scheme Dewey Decimal Classification
Item type English Books
Call number suffix CHA
Classification part 954.022
Holdings
Withdrawn status Lost status Source of classification or shelving scheme Damaged status Not for loan Collection code Home library Current library Date acquired Source of acquisition Cost, normal purchase price Total Checkouts Full call number Barcode Date last seen Copy number Cost, replacement price Koha item type
    Dewey Decimal Classification   Not For Loan Non-fiction D.B.Act.Division D.B.Act.Division 19/01/2009 DBAD / PUB 250.00   954.022 CHA EN-76118 19/01/2009 1 250.00 English Books

© Delhi Public Library
Hit Counter
free hit counter